[Event "EU-ch U18 Girls 18th"]
[Site "Herceg Novi"]
[Date "2008.09.23"]
[Round "8"]
[White "Chiarion, Elisa"]
[Black "Vartic, Irina"]
[Result "0-1"]
[WhiteElo "1897"]
[BlackElo "1836"]
[PlyCount "80"]
[EventDate "2008.09.15"]
[EventType "swiss"]
[EventRounds "9"]
[EventCountry "MNE"]
[SourceTitle "CBM 126 Extra"]
[Source "ChessBase"]
[SourceDate "2008.11.05"]
[SourceVersion "1"]
[SourceVersionDate "2008.11.05"]
[SourceQuality "1"]

1. e4 e5 2. Nf3 Nc6 3. Bc4 Nf6 4. d3 Be7 5. 0-0 0-0 6. c3 d6 7. Bb3 Bg4 8. Nbd2 Re8 9. Re1 Qd7 10. Nf1 Rad8 11. h3 Bh5 12. Ng3 Bg6 13. Nh4 d5 14. Nxg6 hxg6 15. Qf3 d4 16. c4 a5 17. Ba4 Qd6 18. Bd2 b6 19. h4 Nd7 20. h5 Nc5 21. Bb5 Rf8 22. Bxc6 Qxc6 23. h6 Qf6 24. hxg7 Kxg7 25. Qg4 Rh8 26. Nf5+ Kh7 27. Qh3+ Kg8 28. Qg3 Rh5 29. Nh6+ Kh7 30. Rad1 Rxh6 31. Bxh6 Kxh6 32. Rf1 Qg5 33. Qh2+ Kg7 34. f4 exf4 35. Qxf4 Qxf4 36. Rxf4 Bg5 37. Rf3 Be3+ 38. Kf1 Ne6 39. Rh3 Nf4 40. Rh1 Rd6 0-1

[Event "EU-ch U18 Girls 17th"]
[Site "Sibenik"]
[Date "2007.09.23"]
[Round "9"]
[White "Martin, Katie"]
[Black "Vartic, Irina"]
[Result "1/2-1/2"]
[WhiteElo "1928"]
[BlackElo "1921"]
[PlyCount "35"]
[EventDate "2007.09.14"]
[EventType "swiss"]
[EventRounds "9"]
[EventCountry "CRO"]
[SourceTitle "CBM 120 Extra"]
[Source "ChessBase"]
[SourceDate "2007.11.01"]
[SourceVersion "1"]
[SourceVersionDate "2007.11.01"]
[SourceQuality "1"]

1. e4 e5 2. Nf3 Nc6 3. Bb5 a6 4. Ba4 Nf6 5. Qe2 b5 6. Bb3 Bc5 7. c3 0-0 8. d3 h6 9. 0-0 d6 10. Rd1 Re8 11. h3 Bb6 12. Nbd2 Ne7 13. a4 Bd7 14. Nf1 Ng6 15. Be3 Bxe3 16. fxe3 Be6 17. Bxe6 fxe6 18. Ng3 1/2-1/2

[Event "Romania (Women)"]
[Site "Romania"]
[Date "2007.02.26"]
[Round "10"]
[White "Baciu, Diana"]
[Black "Vartic, Irina"]
[Result "1-0"]
[WhiteElo "1960"]
[BlackElo "1920"]
[PlyCount "79"]
[EventDate "2007.02.17"]
[EventType "tourn"]
[EventRounds "13"]
[EventCountry "ROU"]
[SourceTitle "EXT 2008"]
[Source "ChessBase"]
[SourceDate "2007.11.25"]
[SourceVersion "1"]
[SourceVersionDate "2007.11.25"]
[SourceQuality "1"]

1. e4 e5 2. Nf3 Nc6 3. Bc4 Nf6 4. d3 Be7 5. c3 0-0 6. 0-0 d5 7. exd5 Nxd5 8. Re1 Bg4 9. h3 Bh5 10. Nbd2 a6 11. Nf1 Bf6 12. Ng3 Bg6 13. Ne4 Nb6 14. Bb3 Qe7 15. Nh2 Rad8 16. Qf3 Bxe4 17. Rxe4 Nd7 18. d4 Bg5 19. Bxg5 Qxg5 20. d5 Ne7 21. Qe2 Ng6 22. Nf3 Qf6 23. Qc4 Nf4 24. Nh2 Nb6 25. Qxc7 Qg6 26. Rxf4 exf4 27. Qxb7 Nd7 28. Qc7 Nf6 29. Rd1 Qf5 30. c4 Rfe8 31. Nf3 Ne4 32. Qc6 Ng5 33. Nxg5 Qxg5 34. d6 f3 35. Qxf3 Qc5 36. Rd5 Qb4 37. c5 Re6 38. Rf5 Rf6 39. Rxf6 Qe1+ 40. Kh2 1-0

[Event "Romania (Women)"]
[Site "Romania"]
[Date "2007.02.25"]
[Round "9"]
[White "Vartic, Irina"]
[Black "Andronic, Iulia"]
[Result "0-1"]
[WhiteElo "1920"]
[BlackElo "2076"]
[PlyCount "66"]
[EventDate "2007.02.17"]
[EventType "tourn"]
[EventRounds "13"]
[EventCountry "ROU"]
[SourceTitle "EXT 2008"]
[Source "ChessBase"]
[SourceDate "2007.11.25"]
[SourceVersion "1"]
[SourceVersionDate "2007.11.25"]
[SourceQuality "1"]

1. e4 Nf6 2. Nc3 d5 3. e5 Nfd7 4. f4 e6 5. Nf3 c5 6. d4 Nc6 7. Be3 cxd4 8. Nxd4 Bc5 9. Na4 Qa5+ 10. c3 Bxd4 11. Bxd4 b5 12. Nc5 Nxc5 13. Bxc5 b4 14. cxb4 Nxb4 15. Bxb4 Qxb4+ 16. Qd2 Rb8 17. b3 Qe4+ 18. Be2 Ba6 19. Kf2 Bxe2 20. Rhe1 Rb4 21. Qxe2 Qxf4+ 22. Kg1 0-0 23. Kh1 Re4 24. Qb2 d4 25. Rad1 Rd8 26. Qa3 Qxe5 27. Rxe4 Qxe4 28. Qxa7 d3 29. Qe7 Qd5 30. Rf1 f6 31. h3 d2 32. Rd1 h6 33. Qb4 e5 0-1

[Event "Romania (Women)"]
[Site "Romania"]
[Date "2007.02.22"]
[Round "6"]
[White "Lazo, Xenia"]
[Black "Vartic, Irina"]
[Result "1-0"]
[WhiteElo "2034"]
[BlackElo "1920"]
[PlyCount "59"]
[EventDate "2007.02.17"]
[EventType "tourn"]
[EventRounds "13"]
[EventCountry "ROU"]
[SourceTitle "EXT 2008"]
[Source "ChessBase"]
[SourceDate "2007.11.25"]
[SourceVersion "1"]
[SourceVersionDate "2007.11.25"]
[SourceQuality "1"]

1. d4 Nf6 2. c4 g6 3. Nc3 d5 4. cxd5 Nxd5 5. e4 Nxc3 6. bxc3 Bg7 7. Bc4 c5 8. Ne2 0-0 9. 0-0 Nc6 10. Be3 Qc7 11. Rc1 Rd8 12. Bf4 Qd7 13. dxc5 Qe8 14. Bd5 Ne5 15. Bxe5 Bxe5 16. Qb3 Rb8 17. f4 Bg7 18. Nd4 e6 19. Bc4 Qe7 20. Kh1 Qxc5 21. a4 b6 22. Rce1 Bb7 23. Bxe6 Qe7 24. Bd5 Bxd5 25. exd5 Qh4 26. g3 Qh5 27. Nc6 Re8 28. Nxb8 Rxe1 29. Rxe1 Qf3+ 30. Kg1 1-0

[Event "Romania (Women)"]
[Site "Romania"]
[Date "2007.02.19"]
[Round "3"]
[White "Vartic, Irina"]
[Black "Vetrila, Sandra"]
[Result "1/2-1/2"]
[WhiteElo "1920"]
[BlackElo "2049"]
[PlyCount "130"]
[EventDate "2007.02.17"]
[EventType "tourn"]
[EventRounds "13"]
[EventCountry "ROU"]
[SourceTitle "EXT 2008"]
[Source "ChessBase"]
[SourceDate "2007.11.25"]
[SourceVersion "1"]
[SourceVersionDate "2007.11.25"]
[SourceQuality "1"]

1. e4 c5 2. Nf3 e6 3. d4 cxd4 4. Nxd4 Nf6 5. Nc3 Nc6 6. Ndb5 Bb4 7. a3 Bxc3+ 8. Nxc3 d5 9. exd5 exd5 10. Bd3 0-0 11. 0-0 d4 12. Ne4 Bf5 13. Bg5 Bxe4 14. Bxe4 h6 15. Bxf6 Qxf6 16. Bxc6 bxc6 17. Qd3 c5 18. Rac1 Rab8 19. b3 Rfd8 20. Qc4 Qg5 21. Rcd1 Qd5 22. Qxd5 Rxd5 23. Rfe1 d3 24. f3 Rdd8 25. Rxd3 Rxd3 26. cxd3 Rxb3 27. Rc1 Rxd3 28. Rxc5 Rxa3 29. Rc7 g5 30. h4 gxh4 31. Rc4 h3 32. Rg4+ Kh7 33. gxh3 Rxf3 34. Ra4 Rxh3 35. Rxa7 Kg6 36. Kg2 Rb3 37. Ra6+ Kg5 38. Ra7 f5 39. Rg7+ Kh4 40. Rf7 Rg3+ 41. Kf2 Rg6 42. Ra7 Kg4 43. Ra1 f4 44. Rg1+ Kf5 45. Ra1 Rb6 46. Ra8 h5 47. Rh8 Kg5 48. Kf3 Rb3+ 49. Kf2 Rb6 50. Kf3 Rb3+ 51. Kf2 h4 52. Rg8+ Kf5 53. Rf8+ Kg4 54. Rg8+ Kh3 55. Rf8 Kh2 56. Rxf4 Rb2+ 57. Kf1 Kg3 58. Rf8 Rb1+ 59. Ke2 h3 60. Rg8+ Kh2 61. Kf2 Kh1 62. Rf8 h2 63. Rf7 Rg1 64. Rf8 Rg2+ 65. Kf1 Rg1+ 1/2-1/2

[Event "EU-ch (Women) 6th"]
[Site "Kishinev"]
[Date "2005.06.18"]
[Round "8"]
[White "Sirotkina, Nina"]
[Black "Vartic, Irina"]
[Result "1-0"]
[WhiteElo "2206"]
[BlackElo "1948"]
[PlyCount "61"]
[EventDate "2005.06.11"]
[EventType "swiss"]
[EventRounds "12"]
[EventCountry "MDA"]
[SourceTitle "CBM 106 Extra"]
[Source "ChessBase"]
[SourceDate "2005.07.01"]
[SourceVersion "1"]
[SourceVersionDate "2005.07.01"]
[SourceQuality "1"]

1. Nf3 Nf6 2. c4 g6 3. g3 Bg7 4. Bg2 d6 5. d4 0-0 6. 0-0 Nbd7 7. Nc3 e5 8. b3 exd4 9. Nxd4 Ne5 10. Bb2 a6 11. Qd2 Qe7 12. Rad1 Rb8 13. h3 c5 14. Nc2 Rd8 15. Ne3 Be6 16. f4 Nc6 17. f5 gxf5 18. Nxf5 Bxf5 19. Rxf5 Nd4 20. Rf2 Qe5 21. e3 Bh6 22. exd4 Qe3 23. Qd3 Re8 24. Nd5 Nxd5 25. Bxd5 Qxd3 26. Rxd3 Be3 27. Bxf7+ Kg7 28. Bxe8 Bxf2+ 29. Kxf2 Rxe8 30. dxc5+ Kf7 31. cxd6 1-0

[Event "EU-ch (Women) 6th"]
[Site "Kishinev"]
[Date "2005.06.13"]
[Round "3"]
[White "Vartic, Irina"]
[Black "Eidelson, Rakhil"]
[Result "1/2-1/2"]
[WhiteElo "1948"]
[BlackElo "2268"]
[PlyCount "56"]
[EventDate "2005.06.11"]
[EventType "swiss"]
[EventRounds "12"]
[EventCountry "MDA"]
[SourceTitle "CBM 106 Extra"]
[Source "ChessBase"]
[SourceDate "2005.07.01"]
[SourceVersion "1"]
[SourceVersionDate "2005.07.01"]
[SourceQuality "1"]

1. e4 e6 2. d4 d5 3. Nd2 Nf6 4. e5 Ne4 5. Nxe4 dxe4 6. c3 c5 7. Bb5+ Nc6 8. Ne2 Bd7 9. Bxc6 Bxc6 10. 0-0 Qh4 11. Be3 Be7 12. Qd2 g5 13. dxc5 Bb5 14. Rfe1 Qh5 15. Ng3 Qg6 16. Bd4 Bc6 17. Qe3 h5 18. Nxe4 g4 19. Qf4 0-0-0 20. Nd6+ Rxd6 21. exd6 Bg5 22. Qe5 Re8 23. d7+ Bxd7 24. c6 Bxc6 25. Bxa7 Qf5 26. Qxf5 exf5 27. Rxe8+ Bxe8 28. Re1 Bd7 1/2-1/2

[Event "Moscow Petrosian Memorial U18"]
[Site "Moscow"]
[Date "2005.01.??"]
[Round "9"]
[White "Gingold, Anton"]
[Black "Vartic, Irina"]
[Result "1-0"]
[WhiteElo "2022"]
[BlackElo "1948"]
[PlyCount "89"]
[EventDate "2005.01.??"]
[EventType "swiss"]
[EventRounds "9"]
[EventCountry "RUS"]
[SourceTitle "EXT 2006"]
[Source "ChessBase"]
[SourceDate "2005.11.24"]
[SourceVersion "1"]
[SourceVersionDate "2005.11.24"]
[SourceQuality "1"]

1. e4 e5 2. Nf3 Nc6 3. Bb5 a6 4. Ba4 Nf6 5. 0-0 Nxe4 6. d4 b5 7. Bb3 Be7 8. Re1 d5 9. dxe5 Be6 10. c3 0-0 11. Nbd2 Ng5 12. Nxg5 Bxg5 13. Nf3 Bxc1 14. Rxc1 Ne7 15. Bc2 Bf5 16. Bxf5 Nxf5 17. Nd4 Nxd4 18. cxd4 Qd7 19. Rc5 Rac8 20. Qc2 c6 21. Rc1 Qg4 22. Qd2 Qe6 23. f4 Rc7 24. Qd3 g6 25. Qf3 Rfc8 26. g4 f5 27. g5 Ra7 28. Qc3 Rac7 29. Qa5 Qe7 30. Qxa6 Qd7 31. Qa3 Ra7 32. Qb3 Ra4 33. Rd1 Qa7 34. Qe3 Rxa2 35. e6 Qe7 36. Rdc1 Qd6 37. Rxb5 Re8 38. Rb6 Rxe6 39. Qf3 Qe7 40. Kf2 Qa7 41. Qb3 Qa4 42. Rb8+ Kf7 43. Rb7+ Kg8 44. Qb6 Qa6 45. Qd8+ 1-0

[Event "Moscow Petrosian Memorial U18"]
[Site "Moscow"]
[Date "2005.01.??"]
[Round "5"]
[White "Vartic, Irina"]
[Black "Barakat, Maksim"]
[Result "0-1"]
[WhiteElo "1948"]
[BlackElo "2079"]
[PlyCount "90"]
[EventDate "2005.01.??"]
[EventType "swiss"]
[EventRounds "9"]
[EventCountry "RUS"]
[SourceTitle "EXT 2006"]
[Source "ChessBase"]
[SourceDate "2005.11.24"]
[SourceVersion "1"]
[SourceVersionDate "2005.11.24"]
[SourceQuality "1"]

1. e4 c5 2. Nf3 Nc6 3. d4 cxd4 4. Nxd4 e5 5. Nb5 a6 6. Nd6+ Bxd6 7. Qxd6 Qf6 8. Qxf6 Nxf6 9. Nc3 Nb4 10. Bd3 d5 11. a3 Nxd3+ 12. cxd3 d4 13. Ne2 0-0 14. 0-0 Nd7 15. Bd2 a5 16. b4 b6 17. f4 Ba6 18. Rf3 Rfc8 19. Ra2 f6 20. Rb2 axb4 21. Bxb4 Rc6 22. Ng3 Rc1+ 23. Kf2 exf4 24. Ne2 Rd1 25. Nxd4 Ne5 26. Rd2 Nxf3 27. Kxf3 Rxd2 28. Bxd2 Bxd3 29. Bb4 Re8 30. Ne2 Bxe2+ 31. Kxe2 Rxe4+ 32. Kf3 Rc4 33. h3 g5 34. Kg4 Kf7 35. Kf3 h5 36. Bd6 Ke6 37. Bb4 f5 38. Ke2 g4 39. hxg4 fxg4 40. Kf2 Rc2+ 41. Kf1 Kd5 42. Be7 Ke4 43. Bh4 f3 44. Bd8 Kd3 45. Bxb6 Rc1+ 0-1